El fantasma de Canterville y otros cuentos

Guardat en:
Dades bibliogràfiques
Autor principal: Wilde, Oscar 1854-1900 (Autor)
Format: Llibre
Idioma:espanyol
Publicat: Santiago Universitaria 1994
Matèries:
Etiquetes: Afegir etiqueta
Sense etiquetes, Sigues el primer a etiquetar aquest registre!

MARC

LEADER 00000cam a2200000 a 4500
001 UCF6951
003 CL-VaPUC
008 130530e19940000CL |||||||||||||||||spa|d
020 |a 9561111347 
082 0 4 |a 823  |b WIL  |2 21 
100 |a Wilde, Oscar  |d 1854-1900  |e author  |9 347444 
245 1 3 |a El fantasma de Canterville y otros cuentos 
300 |a 95 p 
942 |c BK 
945 |d 20130530 00:00:00  |a dcastane 
260 |a Santiago  |b Universitaria  |c 1994 
650 0 |a Cuentos ingleses  |9 265135 
650 0 |a Literatura inglesa  |9 312907 
583 |a last modification  |c 20130530 09:49:00  |k Rodrigo Vera 
999 |c 351934  |d 351932